Les pays fondateurs de l'ONU - Statistiques

Statistiques générales
  • Ce quiz a été pris 451 fois
    144 depuis la dernière actualisation
  • Le résultat moyen est 22 sur 50
Statistiques - réponses
Initiale Pays % Correct
F France
98%
E Etats-Unis
87%
C Chine
83%
R Royaume-Uni
83%
B Belgique
72%
A Argentine
69%
A Australie
68%
C Canada
68%
B Brésil
66%
D Danemark
59%
M Mexique
56%
N Norvège
55%
A Afrique-du-Sud
54%
U URSS
53%
V Venezuela
50%
C Colombie
49%
P Pays-Bas
48%
P Pologne
48%
U Uruguay
48%
B Bolivie
47%
T Turquie
45%
G Grèce
44%
L Luxembourg
44%
P Paraguay
42%
P Pérou
42%
N Nouvelle-Zélande
41%
Y Yougoslavie
40%
C Chili
39%
H Honduras
39%
E Egypte
38%
E Equateur
38%
G Guatemala
38%
C Cuba
37%
C Costa Rica
36%
A Arabie Saoudite
35%
P Panama
35%
N Nicaragua
31%
S Salvador
31%
I Iran
29%
E Ethiopie
26%
I Irak
25%
H Haïti
23%
L Liban
23%
U Ukraine
21%
S Syrie
20%
D République dominicaine
18%
T Tchécoslovaquie
18%
P Philippines
17%
L Liberia
14%
B Biélorussie
13%
Aucun quiz correspondant
Distribution des résultats
% des personnes avec chaque résultat
Percentile par nombre de réponses
Votre historique - résultats
Vous n’avez pas pris ce quiz depuis la dernière actualisation